000 01111nam a22002417a 4500
003 PE SENCICO BE
005 20251020182707.0
008 240307b |||||||| |||| 00| 0 eng d
040 _aPE SENCICO BE
_cPE SENCICO BE
041 _aspa
084 _aI
_aDIB
_a2014
_bL5
100 1 _92018
_aLloclla Sauñe, José Carlos
_eautor
245 1 _aInstalaciones - redes de toma corrientes desarrollo de planos de tomacorrientes de vivienda unifamiliar de 2 pisos + azotea + azotea (90 m2) /
_cJosé Carlos Lloclla Sauñe
260 _aLima :
_c2014
300 _a35 h. :
_bil. col., planos ;
_c30 cm.
502 _aMonografía de Titulación.-- Servicio Nacional de Capacitación para la Industria de la Construcción. Escuela Superior Técnica. Carrera Profesional Técnica en Dibujo en Construcción Civil, 2014
650 1 0 _91688
_aTomacorrientes
650 2 0 _9401
_aSistemas de energía eléctrica
650 2 0 _9108
_aInstalaciones eléctricas
710 1 _aServicio Nacional de Capacitación para la Industria de la Construcción.
_bEscuela Superior Técnica
_91065
910 _bhfp
_chfp
942 _cMON
999 _c4986
_d4986